000 00219 a2200097 4500
001 26428
100 _aThienelle,
245 _aThe victory over low blood sugar
260 _a
_bArco Publishing
_c
090 _c17764
_d17764
942 _aNUST-CAE
_cM
_c8629
999 _c261501
_d261501